The different amount of material in pellet compost on celery cabbage yield at royal university of agriculture បរិមាណសមាសធាតុផ្សំផ្សេងៗគ្នានៃជីកំប៉ុស្តិ៍គ្រាប់លើទិន្នផលដំណាំស្ពៃចង្កឹះ នៅសាកលវិទ្យាល័យភូមិន្ទកសិកម្ម (Record no. 1144)

000 -LEADER
fixed length control field 00777nam a22001577a 4500
003 - CONTROL NUMBER IDENTIFIER
control field OSt
005 - DATE AND TIME OF LATEST TRANSACTION
control field 20150923152606.0
008 - FIXED-LENGTH DATA ELEMENTS--GENERAL INFORMATION
fixed length control field 150923b xxu||||| |||| 00| 0 eng d
040 ## - CATALOGING SOURCE
Transcribing agency RUA
082 ## - DEWEY DECIMAL CLASSIFICATION NUMBER
Classification number AGR DOR 2010 B046 Or.1
100 ## - MAIN ENTRY--PERSONAL NAME
9 (RLIN) 1201
Personal name DORL, PHEAKEY
245 ## - TITLE STATEMENT
Title The different amount of material in pellet compost on celery cabbage yield at royal university of agriculture បរិមាណសមាសធាតុផ្សំផ្សេងៗគ្នានៃជីកំប៉ុស្តិ៍គ្រាប់លើទិន្នផលដំណាំស្ពៃចង្កឹះ នៅសាកលវិទ្យាល័យភូមិន្ទកសិកម្ម
260 ## - PUBLICATION, DISTRIBUTION, ETC. (IMPRINT)
Place of publication, distribution, etc. Phnom Penh
Name of publisher, distributor, etc. RUA
Date of publication, distribution, etc. 2010
300 ## - PHYSICAL DESCRIPTION
Extent x, 43p.
Other physical details ill.
Dimensions 29cm.
942 ## - ADDED ENTRY ELEMENTS (KOHA)
Source of classification or shelving scheme
Koha item type AGR
Holdings
Price effective from Date last seen Permanent Location Not for loan Date acquired Source of classification or shelving scheme Koha item type Lost status Withdrawn status Total Renewals Date last checked out Total Checkouts Shelving location Damaged status Barcode Current Location Full call number
2015-09-232016-09-13Library Block B 2015-09-23 AGR  12016-09-023B046 RUA006280Library Block BAGR DOR 2010 B046 Or.1
2015-09-232015-09-23Library Block B 2015-09-23 AGR     B046 RUA006299Library Block BAGR DOR 2010 B046 Or.2
2015-09-232019-08-12Library Block B 2015-09-23 AGR   2019-07-105B046 RUA006279Library Block BAGR DOR 2010 B046 Or.3
2015-09-232015-09-23Library Block B 2015-09-23 AGR     B046 RUA006924Library Block BAGR DOR 2010 B046 Or.4
2015-09-232024-02-20Library Block B 2015-09-23 AGR   2023-12-111B046 RUA006226Library Block BAGR DOR 2010 B046 Or.5
មជ្ឈមណ្ឌលឯការនៃសាកលវិទ្យាល័យភូមិន្ទកសិកម្មចំការដូង

Powered by Koha